Ideología y medios de comunicación /
Kaydedildi:
| Yazar: | |
|---|---|
| Diğer Yazarlar: | , , , , |
| Materyal Türü: | Bilinmiyor |
| Dil: | Spanish |
| Baskı/Yayın Bilgisi: |
Buenos Aires, Argentina :
Amorrortu Editores,
c1973.
|
| Konular: | |
| Etiketler: |
Etiketle
Etiket eklenmemiş, İlk siz ekleyin!
|
MARC
| LEADER | 000000000a22000000004500 | ||
|---|---|---|---|
| 001 | 005222 | ||
| 008 | 171108b xxu||||| |||| 00| 0 spa d | ||
| 041 | 0 | |a spa | |
| 082 | 0 | 4 | |a 121 |b I19i |
| 100 | 1 | |a Echeverría, Rafael | |
| 245 | 1 | 0 | |a Ideología y medios de comunicación / |c Rafael Echeverría. |
| 260 | 1 | |a Buenos Aires, Argentina : |b Amorrortu Editores, |c c1973. | |
| 300 | |a 207 páginas : |b ilustraciones | ||
| 505 | |a Contenido: Elementos para la teoría de la ideología / Rafael Echeverría y Fernando Castillo -- Prefiguración de la ideología burguesa. Lectura ideológica de una obra de Malthus / Armand Mattelart -- Para entender los medios: medios de comunicación y relaciones sociales / Jesús Manuel Martínez -- El conformismo revoltoso de la canción popular / Michèle Mattelart -- Apuntes sobre lo moderno: una manera de leer la revista femenina ilustrada / Michèle Mattelart -- Inocencia y neocolonialismo: un caso de dominio ideológico en la literatura infantil / Ariel Dorfman | ||
| 650 | 4 | |a IDEOLOGIA | |
| 650 | 4 | |a CLASE MEDIA | |
| 650 | 4 | |a MEDIOS Y COMUNICACION | |
| 700 | 1 | |a Castillo, F. | |
| 700 | 1 | |a Dorfman, A. | |
| 700 | 1 | |a Mattelart, M. | |
| 700 | 1 | |a Martínez, J. M. | |
| 700 | 1 | |a Mattelart, A. | |
| 942 | |c BK |2 ddc | ||
| 999 | |c 10977 |d 10977 | ||
